| 000 | 00548nam a2200193Ia 4500 | ||
|---|---|---|---|
| 005 | 20250508154443.0 | ||
| 008 | 008 250505s9999 xx 000 0 eng d | ||
| 037 | _aTextual | ||
| 040 |
_aFEDL _beng _cFEDL |
||
| 041 |
_aeng _2eng |
||
| 084 |
_a307, PHI _qFEDL |
||
| 100 | _aPhilip W. | ||
| 245 | 0 | _aSocial science and social studies in secondary schools | |
| 260 |
_aLondon, UK _bLongmans, Green and Co. _c1965 |
||
| 300 | _axii,118p. | ||
| 700 |
_a Priest R. _9765469 |
||
| 942 |
_cTEXL _h307, PHI |
||
| 999 |
_c1350348 _d1350348 |
||